Entre el control de la criminalidad y el debido proceso Una historia del proceso penal colombiano /

Detalles Bibliográficos
Autor principal: Sǹchez Meja̕, Astrid Liliana
Formato: eBook
Lenguaje:español
Publicado: Bogot:̀ Pontificia Universidad Javeriana, 2017
Materias:
Acceso en línea:Acceso restringido

MARC

LEADER 00000nam a22000007a 4500
005 20201211115224.0
007 cr|||| ||||
008 201211s2017 co |||||s|||| 00||0 spa d
020 |a 978-958-781-007-3 
035 |a 32255 
040 |a vLex 
090 |c 10943  |d 10943 
100 1 |a Sǹchez Meja̕, Astrid Liliana 
245 1 0 |a Entre el control de la criminalidad y el debido proceso  |h [Recurso electrn̤ico] :  |b Una historia del proceso penal colombiano /  |c Astrid Liliana Sǹchez Meja̕ 
256 |a Servicio en ln̕ea 
260 |a Bogot:̀  |b Pontificia Universidad Javeriana,  |c 2017 
300 |a 1 recurso electrn̤ico 
500 |a Este libro presenta un anl̀isis original y profundo de los cd̤igos de procedimiento penal colombianos expedidos desde 1938. La autora nos invita a estudiar estos cd̤igos a partir de dos modelos opuestos de valores, principios y creencias frente al sistema de justicia penal: el control de la criminalidad y el debido proceso. Usando estos modelos, el libro revela las decisiones polt̕icas y elecciones valorativas en cada cd̤igo, teniendo en cuenta el contexto de su aprobacin̤ y reforma. Entre el control de la criminalidad y el debido proceso, tt̕ulo con el que se celebran diez aǫs de la Coleccin̤ Fronteras del Derecho, permite entender cm̤o se ha moldeado la cultura jurd̕ico-procesal penal y cul̀es son los procesos histr̤ico- polt̕icos que han dado lugar al diseǫ contemporǹeo del proceso penal colombiano. Su objetivo, ms̀ all ̀de explicar el pasado, es ofrecer elementos para analizar y repensar la justicia penal actual. 
506 1 |a Disponible solo en los productos indicados  |d vLex Global  |d vLex Global (Academic Edition, excluding Law Schools)  |d vLex Global (U.S. Academic Edition, Law Schools)  |d vLex Global (U.S. Academic Edition, excluding Law Schools)  |d vLex Global (Academic Edition, Law Schools) 
650 0 4 |a Procedimiento Penal  |z Colombia 
740 0 |a vLex Libros (Servicio en ln̕ea) 
856 4 0 |u http://vlex.com/source/entre-el-control-de-la-criminalidad-y-el-debido-proceso-una-historia-del-proceso-penal-colombiano-32255  |z Acceso restringido 
942 |c BOOK 
999 0 |a Penal procedure